000 00758na a2200265 4500
001 16826
003 MIRAKIL
005 20181213154958.0
008 161014b tu 000 0
020 _a9754706352
040 _aMilas
_btur
_cTR-AnCHP
041 _atur
082 _a956.226
_bA48m 1997
090 _a956.226 A48m 1997
100 _aAlus, Sermet Muhtar
_d1887-1952
245 _aMasal olanlar
_cSermet Muhtar Alus; yayına hazırlayan Nuri Akbayar.
260 _aİstanbul
_bİletişim
_c1997
300 _a290 s.
_bres.
_c24 sm.
440 _aİletişim Yayınları
_v436
490 _aİstanbul Dizisi
_v24
504 _aDizin var.
650 _aGündelik yaşam
_yDenemeler
_zİstanbul
700 _aAkbayar, Nuri
942 _2ddc
_cBKS
999 _c4238
_d4238